[Event "Tilburg"]
[Site "Tilburg"]
[Date "1992.??.??"]
[Round "1"]
[White "Jussupow, Artur"]
[Black "Dreev, Alexey"]
[Result "1-0"]
[WhiteElo "2640"]
[BlackElo "2590"]

1.d4 d5 2.c4 c6 3.Nf3 Nf6 4.Nc3 e6 5.Bg5 h6 6.Bxf6 Qxf6 7.e3 Nd7 8.Bd3 dxc4
9.Bxc4 Bd6 10.O-O Qe7 11.Ne4 Bc7 12.Rc1 O-O 13.Qc2 Rd8 14.Rfd1 a5 15.Bb3 Nf8
16.a3 Bd7 17.Nc5 Ra7 18.e4 Be8 19.e5 Bb6 20.Ne4 Raa8 21.Ba2 Rd7 22.Qb3 Ba7
23.Nd6 Qd8 24.Nxb7 Rxb7 25.Qxb7 Bb6 26.d5 cxd5 27.Nd4 Ng6 28.Nc6 Bxc6 29.Qxc6 Nxe5
30.Qc2 Ng4 31.Rf1 Rb8 32.Bb1 g6 33.h3 Nf6 34.Qd2 Kg7 35.Rc6 Qd7 36.Rfc1 Qa7
37.Qf4 Rb7 38.Rc8 Nd7 39.Qd6 Bd4 40.Kh1 Be5 41.Qe7  1-0

[Event "Tilburg"]
[Site "Tilburg"]
[Date "1992.??.??"]
[Round "2"]
[White "Dreev, Alexey"]
[Black "Jussupow, Artur"]
[Result "1/2-1/2"]
[WhiteElo "2590"]
[BlackElo "2640"]

1.e4 e5 2.Nf3 Nf6 3.Nc3 Nc6 4.d4 exd4 5.Nxd4 Bb4 6.Nxc6 bxc6 7.Bd3 d5 8.exd5 cxd5
9.O-O O-O 10.Bg5 c6 11.Na4 h6 12.Bh4 Rb8 13.c3 Bd6 14.Bc2 c5 15.Qd3 g6 16.b3 Kg7
17.Rad1 Re8 18.Bxf6+ Qxf6 19.Qxd5 Rd8 20.Qf3 Qxf3 21.gxf3 Bh3 22.Rfe1 Bf8
23.c4 Rxd1 24.Rxd1 Re8 25.Nc3 Re5 26.f4 Re6 27.Be4 Rd6 28.Bd5 Rf6 29.Rd3 Bc8
30.Ne2 Bd6 31.Re3 Kf8 32.Bc6 Be6 33.Re4 Kg7 34.f3 Bf5 35.Re3 Bxf4 36.Nxf4 Rxc6
37.Nd5 Be6 38.Nc3 g5 39.Rd3 Kf6 40.Kf2 Ke5 41.Rd8 f5 42.Ne2 Rd6 43.Ra8 a6
44.Ra7 Bd7 45.Rc7 Bc6 46.Re7+ Re6 47.Ra7 Be8 48.a4 f4 49.a5 Bg6 50.Nc3 Kd4
51.Na4 Be8 52.Nb6 Kd3 53.Rxa6 Re2+ 54.Kf1  1/2-1/2

[Event "Tilburg"]
[Site "Tilburg"]
[Date "1992.??.??"]
[Round "2"]
[White "Dreev, Alexey"]
[Black "Akopian, Vladimir"]
[Result "1/2-1/2"]
[WhiteElo "2590"]
[BlackElo "2600"]

1.d4 d5 2.c4 c6 3.Nf3 Nf6 4.e3 e6 5.Bd3 Nbd7 6.O-O Bd6 7.Nbd2 O-O 8.e4 e5
9.cxd5 cxd5 10.exd5 exd4 11.Nc4 Nb6 12.Nxb6  1/2-1/2

[Event "Tilburg rapid"]
[Site "Tilburg"]
[Date "1992.??.??"]
[Round "3"]
[White "Dreev, Alexey"]
[Black "Akopian, Vladimir"]
[Result "1/2-1/2"]
[WhiteElo "2590"]
[BlackElo "2600"]

1.d4 d5 2.c4 c6 3.Nf3 Nf6 4.Qc2 dxc4 5.Qxc4 Bf5 6.g3 e6 7.Bg2 Nbd7 8.O-O Be7
9.Nc3 O-O 10.Bg5 Ne4 11.Bxe7 Qxe7 12.Rfd1 Nxc3 13.bxc3 Be4 14.a4 c5 15.Ne1 Bxg2
16.Nxg2 cxd4 17.cxd4 Nb6 18.Qb3 Nd5 19.Ne3 Nxe3 20.Qxe3 Qd7 21.a5 Rfc8 22.Rac1 h6
23.Qb3 Rc7 24.Rxc7 Qxc7 25.Qb4 Rd8 26.Rb1 Rd5 27.Qxb7  1/2-1/2

[Event "Tilburg rapid15"]
[Site "Tilburg"]
[Date "1992.??.??"]
[Round "6"]
[White "Sax, Gyula"]
[Black "Dreev, Alexey"]
[Result "0-1"]
[WhiteElo "2565"]
[BlackElo "2590"]

1.e4 e6 2.d4 d5 3.e5 c5 4.c3 Nc6 5.Nf3 Bd7 6.Be2 Nge7 7.Na3 cxd4 8.cxd4 Nf5
9.O-O Bxa3 10.bxa3 O-O 11.Rb1 Qc7 12.Bd3 Rfc8 13.Bxf5 exf5 14.Bg5 h6 15.Bd2 Rab8
16.Rb3 Na5 17.Rc3 Qb6 18.Rc5 Nc4 19.Bb4 a5 20.Rxc8+ Rxc8 21.Bc5 Qc6 22.Qb3 b6
23.Be7 Qe6 24.Bd6 Nxd6 25.exd6 Qxd6 26.Ne5 Be8 27.g3 f6 28.Nd3 Rc4 29.Qb2 Ra4
30.Nf4 Bf7 31.Rc1 g5 32.Nd3 Qxa3 33.Rc8+ Kg7 34.Qb1 Rxd4 35.Ne1 Rc4 36.Rxc4 dxc4
37.Nc2 Qd3 38.Qc1 c3 39.a3 Bb3 40.Ne3 c2 41.Kg2 f4 42.gxf4 gxf4 43.Nxc2  0-1

[Event "Bern op"]
[Site "Bern"]
[Date "1993.??.??"]
[Round "5"]
[White "Dreev, Alexey"]
[Black "Blees, Albert"]
[Result "1-0"]
[WhiteElo "2560"]
[BlackElo "2405"]

1.d4 Nf6 2.Nf3 g6 3.Bf4 Bg7 4.e3 O-O 5.Be2 b6 6.O-O Bb7 7.c4 c5 8.Nc3 cxd4
9.exd4 d5 10.Ne5 dxc4 11.Bxc4 e6 12.Bg5 h6 13.Bh4 Nc6 14.Nxc6 Bxc6 15.Qd3 Qd7
16.Rad1 Nd5 17.Bg3 Rfd8 18.Rfe1 Rac8 19.Bxd5 Bxd5 20.Be5 Bb7 21.Qe3 Qc6 22.f3 Bxe5
23.dxe5 Qc4 24.Rxd8+ Rxd8 25.Qxh6 Rd3 26.Kf2 Qd4+ 27.Kg3 Rd2 28.Qe3 Qxe3
29.Rxe3 Rxb2 30.Rd3 Rc2 31.Rd8+ Kg7 32.Nb5 Ba6 33.Nd6 g5 34.h4 gxh4+ 35.Kxh4 Rxg2
36.Rd7 Rxa2 37.Rxf7+ Kg8 38.Kg5 Rg2+ 39.Kf6 Bd3 40.Kxe6 Rg7 41.Rxg7+ Kxg7
42.f4 a5 43.f5 Kf8 44.Kd7 Bc2 45.e6 Kg7 46.Ke7  1-0

[Event "Bern op"]
[Site "Bern"]
[Date "1993.??.??"]
[Round "6"]
[White "Novikov, Igor A"]
[Black "Dreev, Alexey"]
[Result "0-1"]
[WhiteElo "2540"]
[BlackElo "2560"]

1.d4 d5 2.c4 c6 3.Nf3 Nf6 4.Nc3 e6 5.Bg5 dxc4 6.e4 b5 7.e5 h6 8.Bh4 g5 9.Nxg5 hxg5
10.Bxg5 Nbd7 11.g3 Rg8 12.Bxf6 Nxf6 13.exf6 Qxf6 14.Bg2 Bb7 15.a4 O-O-O 16.axb5 cxb5
17.Bxb7+ Kxb7 18.Nxb5 Bb4+ 19.Kf1 a5 20.Kg2 Rg5 21.Qa4 e5 22.Na3 e4 23.Rhf1 Qf3+
24.Kg1 e3 25.Nc2 e2 26.Rfc1 Rf5 27.Nxb4 Qxf2+ 28.Kh1 Qf3+ 29.Kg1 Qe3+ 30.Kh1 Qe4+
31.Kg1 Qxd4+ 32.Kh1 Qe4+ 33.Kg1 Rd2 34.Qc6+ Qxc6 35.Nxc6 Kxc6 36.Rxc4+ Kb5
37.Rcc1 Rxb2 38.Re1 a4 39.Kg2 Kb4 40.h4 a3 41.Kh3 a2 42.Kg4 Rf2 43.h5 Ka3
44.Kg5 Rb5+ 45.Kh6 Rg2 46.Rh1 Kb2  0-1

[Event "Bern op"]
[Site "Bern"]
[Date "1993.??.??"]
[Round "8"]
[White "Van Wely, Loek"]
[Black "Dreev, Alexey"]
[Result "1-0"]
[WhiteElo "2560"]
[BlackElo "2560"]

1.d4 d5 2.c4 c6 3.Nc3 Nf6 4.Nf3 e6 5.Bg5 dxc4 6.e4 b5 7.e5 h6 8.Bh4 g5 9.Nxg5 hxg5
10.Bxg5 Nbd7 11.exf6 Bb7 12.g3 c5 13.d5 Nxf6 14.Bg2 Be7 15.O-O Nxd5 16.Bxe7 Kxe7
17.Nxb5 Qb6 18.Na3 c3 19.Nc4 Qc7 20.bxc3 Nxc3 21.Qd2 Bxg2 22.Kxg2 Ne4 23.Qe3 Nf6
24.Qf3 Rab8 25.Rab1 Nd7 26.h4 Rb4 27.Rfc1 Rhb8 28.Rb3 Rxb3 29.axb3 Qb7 30.Qxb7 Rxb7
31.Ra1 Nb6 32.Ra5 Rc7 33.g4 Kf8 34.h5 Kg7 35.Nd6 Rd7 36.Ne8+ Kh6 37.Nf6 Rb7
38.Rxc5 Nd5 39.Nxd5 exd5 40.Rxd5 Rxb3 41.Ra5 a6 42.Rxa6+ Kg5 43.f3 Kh4 44.Rf6  1-0

[Event "Bern op"]
[Site "Bern"]
[Date "1993.??.??"]
[Round "9"]
[White "Dreev, Alexey"]
[Black "Roeder, Mathias"]
[Result "1-0"]
[WhiteElo "2560"]
[BlackElo "2405"]

1.d4 Nf6 2.Nf3 g6 3.Bf4 Bg7 4.e3 O-O 5.Be2 c5 6.c3 Qb6 7.Qb3 d6 8.Nbd2 Be6
9.dxc5 Qxc5 10.Qxb7 Nbd7 11.Nb3 Qb6 12.Qxb6 Nxb6 13.Nbd4 Bd7 14.Bg5 Na4 15.Bxf6 Bxf6
16.O-O-O Rab8 17.Nb3 Rfc8 18.Nfd4 Rb6 19.Rd2 Rcb8 20.Rhd1 a5 21.f4 Nxb2 22.Rxb2 a4
23.Bc4 e5 24.fxe5 dxe5 25.Nf3 Bf5 26.Bd5 e4 27.Nfd4 Bg4 28.Rf1 axb3 29.Rxb3 Kg7
30.Kd2 Rxb3 31.axb3 Rb6 32.b4 Rd6 33.Bxe4 Bg5 34.b5 Bd7 35.Bc6 Bf5 36.g4 Be6
37.b6 Rd8 38.b7 Be7 39.Bf3 Bd7 40.Ra1 Bd6 41.Ra8 Rb8 42.h3 h6 43.c4 Kf6 44.c5 Be5
45.c6 Be6 46.Rxb8 Bxb8 47.Nb5 Bg3 48.c7 Be1+ 49.Kc2  1-0

[Event "Biel Interzonal"]
[Site "Biel"]
[Date "1993.??.??"]
[Round "6"]
[White "Dreev, Alexey"]
[Black "Lautier, Joel"]
[Result "1/2-1/2"]
[WhiteElo "2570"]
[BlackElo "2620"]

1.d4 d5 2.c4 e6 3.Nf3 Nf6 4.Nc3 Bb4 5.cxd5 exd5 6.Bg5 Nbd7 7.Qc2 c5 8.a3 Bxc3+
9.Qxc3 c4 10.Nd2 O-O 11.b3 cxb3 12.Qxb3 b6 13.e3 Bb7 14.Bb5 Rc8 15.O-O Qc7
16.Qb4 Qc3 17.Rfb1 a6 18.Bf1 Qxb4 19.axb4 Rc2 20.Nf3 Ne4 21.Bh4 Rfc8 22.Ne1 R2c3
23.Bxa6 Bxa6 24.Rxa6 g5 25.Bg3 h5 26.Ra7 Nf8 27.h4 Nxg3 28.fxg3 gxh4 29.gxh4 Rxe3
30.Nf3 Rc2 31.Rf1 f6 32.Rb7 Ree2 33.Ne1 Rc1 34.Nd3 Rxf1+ 35.Kxf1 Re4 36.Rxb6 Rxd4
37.Ke2 Nd7 38.Rb7 Ne5 39.Nc5 Rxh4 40.b5 Rc4 41.Nd7 Nxd7 42.Rxd7 Rb4 43.Rxd5 h4
44.Kd3 Kf7 45.Kc3 Rb1 46.Kc4 Kg6 47.Rd2 Kg5 48.Kc5 Kf4 49.Rd8 Rc1+ 50.Kd6 Rb1
51.Kc6 Rc1+ 52.Kb7 Rg1 53.Rh8  1/2-1/2

[Event "Biel Interzonal"]
[Site "Biel"]
[Date "1993.??.??"]
[Round "9"]
[White "Anand, Viswanathan"]
[Black "Dreev, Alexey"]
[Result "1/2-1/2"]
[WhiteElo "2725"]
[BlackElo "2570"]

1.e4 e6 2.d4 d5 3.Nc3 Nf6 4.e5 Nfd7 5.f4 c5 6.Nf3 Nc6 7.Be3 Qb6 8.Na4 Qa5+
9.c3 c4 10.b4 Qc7 11.Be2 Be7 12.O-O b5 13.Nc5 a5 14.a3 Nxc5 15.dxc5 O-O 16.Nd4 Nxd4
17.Bxd4 Bd7 18.Qd2 axb4 19.axb4 Rxa1 20.Rxa1 Qb7 21.Qa2 Bc6 22.Bg4 Ra8 23.Qxa8+ Qxa8
24.Rxa8+ Bxa8 25.f5 exf5 26.Bxf5 Bc6 27.Kf2 Bd8 28.g3 Bc7 29.h4 g6 30.Bc8 Kf8
31.e6 Ke7 32.exf7 Kxf7 33.g4 h6  1/2-1/2

[Event "Biel Interzonal"]
[Site "Biel"]
[Date "1993.??.??"]
[Round "11"]
[White "Dreev, Alexey"]
[Black "Salov, Valery"]
[Result "0-1"]
[WhiteElo "2570"]
[BlackElo "2685"]

1.d4 Nf6 2.c4 e6 3.Nc3 Bb4 4.f3 c5 5.d5 O-O 6.e4 Re8 7.Bd2 exd5 8.cxd5 d6
9.Nge2 Nbd7 10.Ng3 a6 11.Be2 b5 12.O-O Ne5 13.a4 bxa4 14.Nxa4 Rb8 15.Bg5 h6
16.Be3 c4 17.Bd4 Bd7 18.Nc3 a5 19.Kh1 h5 20.f4 h4 21.fxe5 dxe5 22.Nh5 exd4
23.Nxf6+ gxf6 24.Qxd4 Bd6 25.Ra2 Be5 26.Qxc4 Rb4 27.Qd3 Qb8 28.Qd2 Kg7 29.h3 Qc8
30.Rf3 Qc7 31.Qe1 Reb8 32.Qd2 a4 33.Rf1 a3 34.d6 Qc6 35.Rxa3 Rxb2 36.Qe3 R8b3
37.Bb5 Rxb5 38.Nxb5 Qxb5 39.Rd3 Rb1 40.Qf3 Kf8 41.Rdd1 Rb3 42.Qh5 Kg7 43.Qxh4 Qe2
44.Rde1 Qd2 45.Rd1 Qc2 46.Rc1 Qb2 47.Qf2 Qxf2 48.Rxf2 Rd3 49.Rff1 Ba4 50.Kg1 Rxd6
51.Kf2 Rd2+ 52.Kf3 Rd3+ 53.Ke2 Bb5 54.Rf3 Rc3+ 55.Kd1 Ba4+  0-1

[Event "Wch Team"]
[Site "Luzern"]
[Date "1993.??.??"]
[Round "1"]
[White "Franzoni, Giancarlo"]
[Black "Dreev, Alexey"]
[Result "0-1"]
[WhiteElo "2440"]
[BlackElo "2570"]

1.e4 e6 2.d4 d5 3.Nc3 Nf6 4.e5 Nfd7 5.f4 c5 6.Nf3 Nc6 7.Be3 a6 8.Qd2 b5 9.Bd3 b4
10.Nd1 c4 11.Be2 Nb6 12.O-O Be7 13.Qe1 a5 14.Qg3 g6 15.Nf2 Ba6 16.Ng4 Qc7
17.Rf2 h5 18.Nf6+ Bxf6 19.exf6 Nd7 20.Qg5 Qd8 21.Ne5 Ndxe5 22.dxe5 d4 23.Bf3 dxe3
24.Bxc6+ Kf8 25.Re2 c3 26.Bxa8 cxb2 27.Rb1 Bxe2 28.f5 Qd2 29.h3 exf5 30.e6 Bb5
31.e7+ Kg8 32.Bf3 Qxc2 33.Bd5 Qxb1+ 34.Kh2 f4 35.Qe5 Be8 36.Be4 Qe1 37.Bxg6 Qg3+
38.Kg1  0-1

[Event "Wch Team"]
[Site "Luzern"]
[Date "1993.??.??"]
[Round "2"]
[White "Peng Xiaomin"]
[Black "Dreev, Alexey"]
[Result "1/2-1/2"]
[WhiteElo "2445"]
[BlackElo "2570"]

1.e4 e6 2.d4 d5 3.e5 c5 4.c3 Nc6 5.Nf3 Bd7 6.Be2 Nge7 7.Na3 cxd4 8.cxd4 Nf5
9.Nc2 Nb4 10.Nxb4 Bxb4+ 11.Bd2 Qb6 12.Bxb4 Qxb4+ 13.Qd2 a5 14.Qxb4 axb4 15.Kd2 Ne7
16.Rhc1 Nc6 17.Bb5 Na5 18.Be2 Ke7 19.b3 Ra7 20.Kc2 Nc6 21.Kb2 Ra5 22.Bd3 Rha8
23.h4 h6 24.h5 f6 25.Rh1 Be8 26.Rh4 Bf7 27.Bc2 Kf8 28.Bd3 Be8 29.Bc2 Bf7
30.Bd3 Nb8 31.Ne1 Nc6 32.Nf3 Ke7 33.Bc2 Be8 34.Bd3 Nd8 35.Ne1 fxe5 36.dxe5 Nc6
37.f4 Nd4 38.Nc2 Nxc2 39.Bxc2 Rc8 40.Rg1 Rc3 41.f5 Rac5 42.Bb1 Rg3 43.Rxb4 Bc6
44.Rd4 Rcc3 45.Re1 exf5 46.Bxf5 Rce3 47.Rxe3 Rxe3 48.Bg4 Rxe5 49.Bf3 Kd6
50.a4 Kc5 51.Rg4 d4 52.Rxg7 Bxf3 53.gxf3 b6  1/2-1/2

[Event "Wch Team"]
[Site "Luzern"]
[Date "1993.??.??"]
[Round "5"]
[White "Eingorn, Vereslav S"]
[Black "Dreev, Alexey"]
[Result "0-1"]
[WhiteElo "2580"]
[BlackElo "2570"]

1.e4 e6 2.d4 d5 3.Nd2 c5 4.Ngf3 cxd4 5.Nxd4 Nf6 6.exd5 Nxd5 7.N2f3 Be7 8.Be2 a6
9.c4 Nf6 10.O-O Qc7 11.Re1 e5 12.Nc2 O-O 13.Bg5 Rd8 14.Qc1 Nc6 15.Nd2 Bf5
16.Ne3 Be6 17.Bxf6 Bxf6 18.Ne4 Be7 19.c5 Rd4 20.Nd2 Bxc5 21.Nf3 Bb4 22.Rf1 Rd7
23.Bc4 Bxc4 24.Qxc4 Rad8 25.h4 Bd2 26.Nf5 Nd4 27.Qd3 Nc2 28.Qe4 Nxa1 29.Nxe5 Re8  0-1

[Event "Wch Team"]
[Site "Luzern"]
[Date "1993.??.??"]
[Round "9"]
[White "Dreev, Alexey"]
[Black "Rausis, Igors"]
[Result "1-0"]
[WhiteElo "2570"]
[BlackElo "2575"]

1.d4 d5 2.c4 c6 3.e3 Nf6 4.Nc3 a6 5.Nf3 b5 6.cxd5 cxd5 7.Ne5 e6 8.Bd2 Nbd7
9.Rc1 Bd6 10.Nc6 Qb6 11.a4 Bb7 12.axb5 axb5 13.Nxb5 Bxc6 14.Nxd6+ Ke7 15.Bb5 Bxb5
16.Bb4 Kd8 17.Nxf7+ Ke8 18.Nd6+ Kd8 19.f3 Bc4 20.Qd2 Ra4 21.Nf7+ Ke8 22.Bc5 Qxc5
23.dxc5 Kxf7 24.b3 Bxb3 25.c6 Ne5 26.O-O Bc4 27.Ra1 Rxa1 28.Rxa1 Nxc6 29.Qb2 Rb8
30.Qa3 Ne7 31.Qa7 Rd8 32.Qb6 Rd7 33.Kf2 h5 34.Ra8 Nf5 35.Qc5 Rb7 36.Ra7 Rxa7
37.Qxa7+ Ne7 38.Qc7 Bd3 39.Ke1 Bb5 40.Kd2 Bf1 41.Qg3 Nf5 42.Qf2 Bb5 43.Qe1 e5
44.Qc1 e4 45.Qc7+ Kg6 46.Qf4 Bd7 47.Ke1 Kf7 48.Kf2 Ke6 49.h4 Nd6 50.Kg1 Nc4
51.Qg5 Kf7 52.Kf2 Nb2 53.Qg3 Bb5 54.Qc7+ Kg6 55.Qg3+ Kf7 56.Qc7+ Kg6 57.Qg3+ Kh7
58.Qb8 Nd3+ 59.Ke2 Bd7 60.Qd6 Bf5 61.Kd2 Bg6 62.Ke2 Nb2 63.Qb6 Nc4 64.Qc7 Bf5
65.Kf2 Be6 66.Qe7 Bg8 67.Qc7 Kh8 68.Qb8 Kh7 69.Qc7 Be6 70.Qe7 Bd7 71.Ke2 Ba4
72.Qe6 Bc2 73.Qf5+ Kg8 74.Qe6+ Kh8 75.Qc8+ Kh7 76.Qf5+ Kg8 77.Qe6+ Kf8 78.Kf2 Ba4
79.Qc8+ Ke7 80.Qc7+ Bd7 81.Qg3 Kf7 82.Qc7 Na3 83.Qc5 Nb5 84.Ke1 Ke8 85.Kf2 Kf7
86.Ke1 g6 87.Kf2 Ke6 88.Kg3 Nd6 89.Kf4 Bb5 90.Qd4 exf3 91.gxf3 Nd7 92.Qg7 Bd3
93.Qg8+ Ke7 94.Qxd5 Bf5 95.Qd4 Nf8 96.Qb4 Nd7 97.e4 Bxe4 98.fxe4 Nf6 99.Kg5 Nxe4+
100.Kxg6 Ng3 101.Qa3  1-0

[Event "Moscow blitz"]
[Site "Moscow"]
[Date "1993.??.??"]
[Round "?"]
[White "Dreev, Alexey"]
[Black "Ivanovic, Bozidar"]
[Result "1-0"]
[WhiteElo "2560"]
[BlackElo "2470"]

1.d4 d5 2.c4 c6 3.e3 Nf6 4.Nc3 e6 5.Nf3 Be7 6.Bd3 Nbd7 7.O-O O-O 8.Qe2 b6
9.b3 Bb7 10.Bb2 Re8 11.Rac1 Qb8 12.Rfd1 Bd6 13.h3 dxc4 14.Bxc4 c5 15.dxc5 Nxc5
16.Nb5 Be7 17.Nbd4 Rd8 18.Ba1 a5 19.Bb2 Bf8 20.a4 Nfe4 21.Nb5 Bc6 22.Ne5 Be8
23.Nf3 Qb7 24.Nfd4 g6 25.f3 Ng3 26.Qf2 Nh5 27.Ne2 Bxb5 28.axb5 Qe7 29.g4 Ng7
30.Nd4 Ne8 31.Nc6 Rxd1+ 32.Rxd1 Qc7 33.Be5 Bd6 34.Rxd6 Nxd6 35.Qd2 Ncb7 36.f4 f6  1-0

[Event "Moscow blitz"]
[Site "Moscow"]
[Date "1993.??.??"]
[Round "?"]
[White "Dreev, Alexey"]
[Black "Khalifman, Alexander"]
[Result "1/2-1/2"]
[WhiteElo "2560"]
[BlackElo "2630"]

1.d4 Nf6 2.c4 e6 3.Nf3 d5 4.Nc3 c5 5.cxd5 cxd4 6.Qa4+ Nbd7 7.Nxd4 exd5 8.Bf4 Bc5
9.e3 O-O 10.Be2 Nb6 11.Qd1 Nc4 12.Qb3 Bxd4 13.exd4 Bg4 14.f3 Be6 15.Bg5 h6
16.Bc1 Nh5 17.O-O Qf6 18.Qd1 Nf4 19.Bxc4 dxc4 20.Bxf4 Qxf4 21.Rf2 Rad8 22.Rd2 Bf5
23.d5 Bd3 24.Qe1 b5 25.Nxb5 Rxd5 26.Nc3  1/2-1/2

[Event "Moscow blitz"]
[Site "Moscow"]
[Date "1993.??.??"]
[Round "?"]
[White "Dreev, Alexey"]
[Black "Timman, Jan H"]
[Result "1-0"]
[WhiteElo "2560"]
[BlackElo "2635"]

1.d4 Nf6 2.Nf3 e6 3.c4 b6 4.Nc3 Bb4 5.Qb3 c5 6.Bf4 O-O 7.a3 Ba5 8.dxc5 Ne4
9.cxb6 axb6 10.g3 Nc6 11.Bg2 Bxc3+ 12.bxc3 Ba6 13.O-O Nc5 14.Qc2 Bxc4 15.Ne5 Bb3
16.Qd2 Nxe5 17.Bxe5 d5 18.Rfb1 Bc4 19.Qf4 Nb3 20.Qg4 f6 21.Qxe6+ Kh8 22.Bd4 Re8
23.Qf7 Nxa1 24.Rxa1 Rxe2 25.Bf3 Qe7 26.Qxe7 Rxe7 27.Bxb6 Rxa3 28.Rd1 Rxc3
29.Be3 Bb3 30.Rd4 Re5 31.Kg2 Bc4 32.Rd2 h6 33.Bd4 Rc1 34.Bxe5 fxe5 35.Bxd5 Bf1+
36.Kf3 Re1 37.Kg4 Kh7 38.f3 Re3 39.Be4+ Kg8 40.Kf5 Be2  1-0

[Event "Moscow blitz"]
[Site "Moscow"]
[Date "1993.??.??"]
[Round "?"]
[White "Bykhovsky, Avigdor"]
[Black "Dreev, Alexey"]
[Result "0-1"]
[WhiteElo "2520"]
[BlackElo "2560"]

1.e4 e6 2.d4 d5 3.c3 c5 4.Nf3 Nc6 5.Be2 Bd7 6.e5 Nge7 7.O-O Nf5 8.dxc5 Bxc5
9.b4 Bb6 10.a4 Bc7 11.Bg5 Qb8 12.Nd4 Ncxd4 13.cxd4 Nxd4 14.Qxd4 Bxe5 15.Qc5 f6
16.Ra3 fxg5 17.Bb5 Qd6 18.Bxd7+ Kxd7 19.Qb5+ Qc6 20.Qe2 Bf6 21.Nd2 Rac8 22.Re3 Rhe8
23.Nb3 b6 24.a5 Qc4 25.Qh5 Qxb4 26.axb6 axb6 27.g3 Rc3 28.Ra1 Rc7 29.Rae1 Re7
30.Qxh7 Rc3  0-1

[Event "Moscow blitz"]
[Site "Moscow"]
[Date "1993.??.??"]
[Round "?"]
[White "Ljubojevic, Ljubomir"]
[Black "Dreev, Alexey"]
[Result "0-1"]
[WhiteElo "2605"]
[BlackElo "2560"]

1.c4 c6 2.e4 d5 3.exd5 cxd5 4.cxd5 Nf6 5.Bb5+ Nbd7 6.Nc3 a6 7.Bxd7+ Qxd7
8.Qb3 Qg4 9.Kf1 g6 10.Nf3 Bg7 11.Ne5 Qf5 12.d4 O-O 13.Be3 h5 14.h3 b5 15.a4 bxa4
16.Rxa4 h4 17.Ke2 Nh5 18.Rd1 Bxe5 19.dxe5 Bd7 20.Rxh4 Qxe5 21.Re4 Qd6 22.Qb4 Rab8
23.Qxd6 Rxb2+ 24.Rd2 Rxd2+ 25.Kxd2 exd6 26.Re7 Bc8 27.g4 Nf6 28.Bh6 Re8 29.Rc7 Nd7
30.Bf4 Nb6 31.Bxd6 Bd7 32.Rc5 Nc8 33.Bc7  0-1

[Event "Moscow blitz"]
[Site "Moscow"]
[Date "1993.??.??"]
[Round "?"]
[White "Karpov, Anatoly"]
[Black "Dreev, Alexey"]
[Result "0-1"]
[WhiteElo "2725"]
[BlackElo "2560"]

1.d4 d5 2.c4 c6 3.Nc3 Nf6 4.e3 e6 5.Nf3 Nbd7 6.Qc2 Bd6 7.Be2 O-O 8.O-O b6
9.b3 Bb7 10.Bb2 Qe7 11.Rad1 c5 12.cxd5 exd5 13.dxc5 bxc5 14.Nh4 Qe5 15.g3 Qe6
16.Bf3 Rfd8 17.Rfe1 Ne5 18.Bg2 Rac8 19.f4 Neg4 20.Qf5 Bf8 21.Qxe6 fxe6 22.h3 Nh6
23.g4 Nf7 24.Kf2 Nd6 25.g5 Nfe8 26.Nf3 g6 27.Ne5 Ng7 28.Ng4 Be7 29.Na4 Ngf5
30.Rc1 c4 31.Nf6+ Kf7 32.Nxh7 Bc6 33.Nc3 Rb8 34.Ne2 Bd7 35.Be5 cxb3 36.axb3 Rxb3
37.Nd4 Nxd4 38.Bxd4 a5 39.Rc7 Nf5 40.Bf6  0-1

[Event "Rostov op"]
[Site "Rostov"]
[Date "1993.??.??"]
[Round "?"]
[White "Sveshnikov, Evgeny"]
[Black "Dreev, Alexey"]
[Result "1/2-1/2"]
[WhiteElo "2555"]
[BlackElo "2560"]

1.e4 e6 2.d4 d5 3.e5 c5 4.c3 Nc6 5.Nf3 Bd7 6.Be2 Nge7 7.Na3 cxd4 8.cxd4 Nf5
9.Nc2 Nb4 10.O-O Nxc2 11.Qxc2 Qb6 12.Qd3 Rc8 13.Bd2 Bb4 14.Bf4 a6 15.a4 Ne7
16.h4 Ba5 17.Rfc1 Rxc1+ 18.Bxc1 h6  1/2-1/2

[Event "Rostov op"]
[Site "Rostov"]
[Date "1993.??.??"]
[Round "?"]
[White "Dreev, Alexey"]
[Black "Galliamova, Alisa"]
[Result "1-0"]
[WhiteElo "2560"]
[BlackElo "2445"]

1.d4 d5 2.Nf3 Nf6 3.c4 dxc4 4.Nc3 a6 5.e4 b5 6.e5 Nd5 7.a4 Bb7 8.e6 f6 9.Be2 Nxc3
10.bxc3 g6 11.h4 Qd5 12.h5 Rg8 13.hxg6 hxg6 14.Nh4 Qxe6 15.O-O Nd7 16.Re1 O-O-O
17.axb5 axb5 18.Bg4 Qf7 19.Be6 Qh7 20.Bxg8 Qxg8 21.Qg4 Kb8 22.Rb1 Qd5 23.Nxg6 e5
24.dxe5 Bc5 25.Rd1 Qg8 26.Rxb5 Bb6 27.Bf4 Bc6 28.Rb2 fxe5 29.Nxe5 Nxe5 30.Rxd8+ Qxd8
31.Bxe5 Kb7 32.Bd4 Qd5 33.f3 Ka6 34.Rd2 Qb5 35.Qc8+ Bb7 36.Ra2+ Ba5 37.Qe6+ c6
38.Ra1 Qb3 39.Qf5 Qb5 40.Qc5 Qxc5 41.Bxc5 Kb5 42.Bd4  1-0

[Event "Rostov op"]
[Site "Rostov"]
[Date "1993.??.??"]
[Round "?"]
[White "Stripunsky, Alexander"]
[Black "Dreev, Alexey"]
[Result "0-1"]
[WhiteElo "2470"]
[BlackElo "2560"]

1.e4 e6 2.d4 d5 3.Nc3 Nf6 4.e5 Nfd7 5.f4 c5 6.Nf3 Nc6 7.Be3 a6 8.Qd2 b5 9.Bd3 b4
10.Nd1 c4 11.Be2 Nb6 12.O-O Be7 13.Bf2 g6 14.Ne3 a5 15.Bg3 Bd7 16.b3 cxb3
17.axb3 a4 18.bxa4 Na5 19.Rfb1 b3 20.Qe1 Nxa4 21.Bh4 Bxh4 22.Nxh4 Rc8 23.Rxa4 Bxa4
24.Ng4 Qc7 25.Nf6+ Kf8 26.c4 dxc4 27.Qb4+ Kg7 28.f5 c3 29.Rf1 Rhf8 30.Qxa4 c2
31.Ba6 c1=Q 32.Bxc8 Q1c4 33.Ne8+ Rxe8 34.f6+ Kh6 35.Rc1 Qxa4  0-1

[Event "Rostov op"]
[Site "Rostov"]
[Date "1993.??.??"]
[Round "?"]
[White "Svidler, Peter"]
[Black "Dreev, Alexey"]
[Result "0-1"]
[WhiteElo "2490"]
[BlackElo "2560"]

1.e4 e6 2.d4 d5 3.Nd2 c5 4.Ngf3 cxd4 5.Nxd4 Nf6 6.e5 Nfd7 7.N2f3 Nc6 8.Nxc6 bxc6
9.Bd3 Ba6 10.O-O Bxd3 11.Qxd3 Be7 12.c4 O-O 13.Qc2 a5 14.Rd1 a4 15.Bf4 Nb6
16.b3 c5 17.Rac1 h6 18.Be3 Qb8 19.h4 Qb7 20.h5 Rfd8 21.Rd3 d4 22.Bd2 Qe4
23.Re1 Qf5 24.Nh2 axb3 25.Qxb3 Rdb8 26.Rg3 Na4 27.Ng4 Rxb3 28.Nxh6+ Kf8 29.Nxf5 Rxg3
30.Nxg3 Nb2 31.Rb1 Nxc4 32.Bf4 Na5 33.Ne4 c4 34.Kf1 Ke8 35.g4 c3 36.Ke2 Nc6
37.Kd3 Ra4 38.a3 Bxa3 39.Rb6 Nb4+ 40.Ke2 d3+ 41.Kf3 Nd5 42.Rb8+ Kd7  0-1

[Event "Rostov op"]
[Site "Rostov"]
[Date "1993.??.??"]
[Round "?"]
[White "Yagupov, Igor"]
[Black "Dreev, Alexey"]
[Result "1/2-1/2"]
[WhiteElo "2415"]
[BlackElo "2560"]

1.e4 e6 2.d4 d5 3.e5 c5 4.c3 Nc6 5.Nf3 Bd7 6.Be2 Nge7 7.Na3 cxd4 8.cxd4 Nf5
9.Nc2 Nb4 10.O-O Nxc2 11.Qxc2 h5 12.Bd2 Be7 13.Bd3 Qb6 14.Bxf5 Rc8 15.Qb3 exf5
16.Qxd5 Be6 17.Qa5 Qxa5 18.Bxa5 b6 19.Bd2 Bd5 20.Rfc1 Kd7 21.Ne1 a5 22.Nc2 g5
23.Ne3 Ke6 24.a3 f4 25.Nxd5 Kxd5 26.h4 g4 27.Bxf4 Bxh4 28.a4 Be7 29.g3 Kxd4
30.Rd1+ Ke4 31.Rd7 Rhe8 32.Re1+ Kf5 33.Be3 Rc6 34.Rb7 Bb4 35.Rd1 Re7 36.Rxb6 Rxb6
37.Bxb6 Rxe5 38.Be3 Ke6 39.Rd8 Rd5 40.Rh8 Be7 41.Kf1 Re5 42.Bd2 Rd5 43.Bc3 Bd8
44.Ke2 Ke7 45.Rh6 Rf5 46.Bd4 Rd5 47.Kd3 Rd6 48.Rxd6 Kxd6 49.Ke4 Ke6 50.Bc5 Bc7
51.b4 f5+ 52.Kd4 f4 53.bxa5 Bxa5 54.Ke4 f3 55.Be3 Bd8 56.Bd2 Bb6 57.Be1 Kd6
58.a5 Ba7 59.a6 Kc6 60.Kf5 Kd5 61.Kg5 Ke4 62.Kxh5 Kf5 63.Kh6 Kf6  1/2-1/2

[Event "St Petersburg op"]
[Site "St Petersburg"]
[Date "1993.??.??"]
[Round "?"]
[White "Galdunts, Sergey"]
[Black "Dreev, Alexey"]
[Result "0-1"]
[WhiteElo "2450"]
[BlackElo "2570"]

1.e4 c5 2.Nf3 Nc6 3.Bb5 g6 4.O-O Bg7 5.c3 Nf6 6.Re1 O-O 7.h3 e5 8.Bxc6 dxc6
9.Nxe5 Re8 10.f4 Nh5 11.d4 Qh4 12.Rf1 Bxh3 13.gxh3 Qg3+ 14.Kh1 Qxh3+ 15.Kg1 Ng3
16.Nd2 Qh1+ 17.Kf2 Qh2+ 18.Kf3 Qh3 19.Kf2 Nxf1 20.Nxf1 cxd4 21.cxd4 f6 22.Nf3 Rxe4
23.Ng3 Re7 24.f5 g5 25.Qb3+ Kh8 26.Bd2 Rae8 27.Qd3 g4 28.Rh1 Re2+ 29.Nxe2 Qxh1
30.Ne1 h5 31.Nf4 h4 32.Ne6 g3+ 33.Ke2 g2 34.Be3 Bh6 35.Kd1 Bxe3 36.Qxe3 g1=Q  0-1

[Event "St Petersburg op"]
[Site "St Petersburg"]
[Date "1993.??.??"]
[Round "?"]
[White "Dreev, Alexey"]
[Black "Muhutdinov, Marat"]
[Result "1-0"]
[WhiteElo "2570"]
[BlackElo "2480"]

1.d4 Nf6 2.c4 g6 3.Nc3 Bg7 4.e4 d6 5.f3 O-O 6.Bg5 Nc6 7.Nge2 a6 8.Qd2 Rb8
9.Rc1 Bd7 10.d5 Ne5 11.b3 Nh5 12.Ng3 f5 13.Nxh5 gxh5 14.Be2 Ng6 15.exf5 Bxf5
16.O-O Qd7 17.Ne4 h4 18.Bd3 e5 19.g4 Bxe4 20.Bxe4 Nf4 21.Bxh4 h5 22.Bf5 Rxf5
23.gxf5 Qxf5 24.Kh1 Rf8 25.Qc2 Nd3 26.Rcd1 e4 27.Bg3 h4 28.Bxh4 Qh3 29.Bg3 exf3
30.Rg1 f2 31.Qxd3 fxg1=Q+ 32.Rxg1 Kh8 33.Qe4 b5 34.a4 bxa4 35.bxa4 Qh5 36.Re1 Bc3
37.Rc1 Qh3 38.Qg2 Qh5 39.Rxc3 Qd1+ 40.Qg1 Rf1 41.Be5+  1-0

[Event "St Petersburg zt"]
[Site "St Petersburg"]
[Date "1993.??.??"]
[Round "2"]
[White "Sokolov, Andrei"]
[Black "Dreev, Alexey"]
[Result "1/2-1/2"]
[WhiteElo "2555"]
[BlackElo "2560"]

1.e4 e6 2.d4 d5 3.Nc3 Nf6 4.e5 Nfd7 5.Nce2 c5 6.c3 Qa5 7.f4 Nc6 8.Nf3 b5
9.Bd2 Qb6 10.Be3 b4 11.c4 dxc4 12.d5 Ne7  1/2-1/2

[Event "St Petersburg zt"]
[Site "St Petersburg"]
[Date "1993.??.??"]
[Round "5"]
[White "Kharlov, Andrei"]
[Black "Dreev, Alexey"]
[Result "0-1"]
[WhiteElo "2580"]
[BlackElo "2560"]

1.e4 e6 2.d4 d5 3.Nc3 Nf6 4.Bg5 dxe4 5.Nxe4 Be7 6.Bxf6 Bxf6 7.Nf3 O-O 8.Qd2 b6
9.O-O-O Bb7 10.Qf4 Be7 11.Bd3 Nd7 12.h4 Qb8 13.Ne5 c5 14.g3 Nxe5 15.dxe5 f5
16.Ng5 Bxh1 17.Rxh1 Qb7 18.f3 Bxg5 19.hxg5 g6 20.g4 b5 21.gxf5 exf5 22.Qh2 c4
23.Bf1 Rad8 24.f4 Qd7 25.Be2 Qd2+ 26.Kb1 Rf7 27.a4 Qb4 28.c3 Qb3  0-1